Statistics for American Cup Champions

Click here to take the quiz!

General Stats

  • This quiz has been taken 149 times
    (49 since last reset)
  • The average score is 25 of 45

Answer Stats

YearCountry RepresentedGymnast% Correct
2015United StatesSimone Biles
91%
*2012United StatesJordyn Wieber
89%
2011United StatesJordyn Wieber
89%
2009United StatesJordyn Wieber
89%
2007United StatesShawn Johnson
89%
2016United StatesGabby Douglas
83%
2006United StatesNastia Liukin
83%
2008United StatesNastia Liukin
83%
2020United StatesMorgan Hurd
77%
2018United StatesMorgan Hurd
77%
1993United StatesShannon Miller
77%
1989United StatesBrandy Johnson
74%
1977United StatesKathy Johnson
74%
2017United StatesRagan Smith
71%
1994United StatesDominique Dawes
69%
1985United StatesMary Lou Retton
69%
1983United StatesMary Lou Retton
69%
1984United StatesMary Lou Retton
69%
1976RomaniaNadia Comaneci
69%
2004United StatesCarly Patterson
66%
2003United StatesCarly Patterson
66%
2013United StatesKatelyn Ohashi
66%
1996United StatesKerri Strug
63%
1992United StatesKim Zmeskal
60%
1990United StatesKim Zmeskal
60%
2010United StatesRebecca Bross
60%
2001RussiaElena Zamolodchikova
46%
1981United StatesJulianne McNamara
46%
1982United StatesJulianne McNamara
46%
1991United StatesBetty Okino
43%
2019United StatesLeanne Wong
40%
2000RussiaElena Produnova
37%
1988United StatesPhoebe Mills
37%
1997FranceElvire Teza
34%
2002United StatesTasha Schwikert
31%
2014United StatesElizabeth Price
29%
1986United StatesKristie Phillips
29%
1987United StatesKristie Phillips
29%
1995United StatesKristy Powell
26%
1999United StatesJennie Thompson
23%
1982BulgariaZoya Grantcharova
23%
1980United StatesTracee Talavera
20%
1998UkraineViktoria Karpenko
20%
1979Soviet UnionStella Zakarova
14%
1978Soviet UnionNatasha Tereschenko
6%

Score Distribution

Percentile by Number Answered

Percent of People with Each Score

Your Score History

You have not taken this quiz since the last reset